000 00306nam a2200121 4500
999 _c9647
_d9647
003 OSt
005 20211124131324.0
008 211124b ||||| |||| 00| 0 eng d
100 _aDeshpande Jayashree
245 _aArchiving 06,07,08 Architectural thesis
260 _bCouncil of architecture
942 _2ddc